• 首页
  • 本馆介绍
  • 公告通知
  • 最新文献
  • 馆藏检索
  • 电子资源
  • 读者导购
  • 参考咨询
  • 我的图书馆
  • 登录
  • 详细信息显示
  • 放入我的书架
  • 预约/预借图书
  • 作者相关作品
  • 分类相关作品
  • 丛书相关作品
  • 出版社相关作品

书目信息

  • 表格格式
  • 工作单格式
  • 卡片格式
题名:
笔记本电脑维修一本通
    
 
作者: 郭波
分册:  
出版信息: 北京   电子工业出版社  2016.09
页数: 372页
开本:
丛书名:
单 册:
中图分类: TP368.320.6
科图分类:
主题词: 微型计算机
电子资源:
ISBN: 7-121-29868-6
000 00594nam0 2200205 450
001 3060
005 20161207152720.60
010    @a7-121-29868-6@dCNY59.00
100    @a20150811d2016 km y0chiy0120 ea
101 0  @achi
102    @aCN@b110000
200 1  @a笔记本电脑维修一本通@Abi ji ben dian nao wei xiu yi ben tong@f郭波@Fguo bo
210    @a北京@c电子工业出版社@d2016.09
215    @a372页
330    @a笔记本计算机·维修
606 0  @a微型计算机
690    @aTP368.320.6@v4
701  0 @a郭波@Aguo bo
801  0 @aCN@b大连网信软件有限公司图书馆·11@c20161207
905    @aZUCC@dTP368.320.6@e468
    
    笔记本电脑维修一本通/郭波.-北京:电子工业出版社,2016.09
    372页
    
    
    ISBN 7-121-29868-6:CNY59.00
    笔记本计算机·维修
●
相关链接 在E读中查询图书 在五车中查询图书 在当当中查询图书 在豆瓣中查询图书


正题名:笔记本电脑维修一本通     索取号:TP368.320.6/468         预约/预借

序号 登录号 条形码 馆藏地/架位号 状态 备注
1 912824   209128246   第二样本阅览室/ [索取号:TP368.320.6/468] 在馆    
2 912825   209128255   第三借阅区/ [索取号:TP368.320.6/468] 在馆    
3 912826   209128264   第三借阅区/ [索取号:TP368.320.6/468] 在馆    
唐山师范学院图书馆 欢迎您!
大连网信软件有限公司© 版权所有